| 000 | 00649nam a22001937a 4500 | ||
|---|---|---|---|
| 003 | BD-DhUL | ||
| 005 | 20200310141359.0 | ||
| 008 | 181223s2000 nyu |||| |||| 000 0 eng d | ||
| 040 |
_aBD-DhUL _cBD-DhUL |
||
| 082 |
_a341.133 _bUNR |
||
| 110 | 2 | _aUnited Nations. | |
| 245 | 0 |
_aResolutions and decisions : _badopted by the general assembly during its fifty-fourth session / _cUnited Nations. |
|
| 260 |
_aNew York : _bUnited Nations , _c2000. |
||
| 300 |
_av. ; _c29 cm. |
||
| 504 | _aIncludes bibliographical references. | ||
| 505 | _aContents: v. 1. Resolutions, 14 September-23 December, 1999. | ||
| 650 | 4 | _aUnited Nations. | |
| 942 |
_2ddc _cBK |
||
| 999 |
_c252013 _d252013 |
||